<?xml version="1.0" encoding="UTF-8"?>
<record
    xmlns:xsi="http://www.w3.org/2001/XMLSchema-instance"
    xsi:schemaLocation="http://www.loc.gov/MARC21/slim http://www.loc.gov/standards/marcxml/schema/MARC21slim.xsd"
    xmlns="http://www.loc.gov/MARC21/slim">

  <leader>00475nam a2200169   4500</leader>
  <controlfield tag="003">SEACOMMC</controlfield>
  <controlfield tag="005">20250512105858.0</controlfield>
  <controlfield tag="008">250402b        |||||||| |||| 00| 0 eng d</controlfield>
  <datafield tag="020" ind1=" " ind2=" ">
    <subfield code="a"> 978-81-744-6760-7</subfield>
    <subfield code="c">Rs.175.00</subfield>
  </datafield>
  <datafield tag="040" ind1=" " ind2=" ">
    <subfield code="a">SEACOMMC</subfield>
  </datafield>
  <datafield tag="082" ind1=" " ind2=" ">
    <subfield code="a"> 658.3124 </subfield>
    <subfield code="b">S 774</subfield>
  </datafield>
  <datafield tag="100" ind1=" " ind2=" ">
    <subfield code="a">Srivastava,Ruchi</subfield>
  </datafield>
  <datafield tag="245" ind1="1" ind2=" ">
    <subfield code="a">Personal Growth and Training &amp; Development /</subfield>
    <subfield code="c">Ruchi Srivastava</subfield>
  </datafield>
  <datafield tag="260" ind1=" " ind2=" ">
    <subfield code="a"> Delhi </subfield>
    <subfield code="b"> Vrinda Publications</subfield>
    <subfield code="c"> c2009</subfield>
  </datafield>
  <datafield tag="650" ind1=" " ind2=" ">
    <subfield code="a">Management</subfield>
  </datafield>
  <datafield tag="942" ind1=" " ind2=" ">
    <subfield code="c">BOOK</subfield>
  </datafield>
  <datafield tag="952" ind1=" " ind2=" ">
    <subfield code="0">0</subfield>
    <subfield code="1">0</subfield>
    <subfield code="2">ddc</subfield>
    <subfield code="4">0</subfield>
    <subfield code="7">0</subfield>
    <subfield code="a">SEACOMMC</subfield>
    <subfield code="b">SEACOMMC</subfield>
    <subfield code="c">REF</subfield>
    <subfield code="d">2010-03-03</subfield>
    <subfield code="l">0</subfield>
    <subfield code="o"> 658.3124  S 774</subfield>
    <subfield code="p">M-2803</subfield>
    <subfield code="r">2025-04-02 13:37:40</subfield>
    <subfield code="w">2025-04-02</subfield>
    <subfield code="y">REF</subfield>
  </datafield>
  <datafield tag="952" ind1=" " ind2=" ">
    <subfield code="0">0</subfield>
    <subfield code="1">0</subfield>
    <subfield code="2">ddc</subfield>
    <subfield code="4">0</subfield>
    <subfield code="7">0</subfield>
    <subfield code="a">SEACOMMC</subfield>
    <subfield code="b">SEACOMMC</subfield>
    <subfield code="d">2010-03-03</subfield>
    <subfield code="l">0</subfield>
    <subfield code="o"> 658.3124  S 774</subfield>
    <subfield code="p">M-2804</subfield>
    <subfield code="r">2025-04-02 13:38:24</subfield>
    <subfield code="t">1</subfield>
    <subfield code="w">2025-04-02</subfield>
    <subfield code="y">BOOK</subfield>
  </datafield>
  <datafield tag="952" ind1=" " ind2=" ">
    <subfield code="0">0</subfield>
    <subfield code="1">0</subfield>
    <subfield code="2">ddc</subfield>
    <subfield code="4">0</subfield>
    <subfield code="7">0</subfield>
    <subfield code="a">SEACOMMC</subfield>
    <subfield code="b">SEACOMMC</subfield>
    <subfield code="d">2010-03-03</subfield>
    <subfield code="l">0</subfield>
    <subfield code="o"> 658.3124  S 774</subfield>
    <subfield code="p">M-2805</subfield>
    <subfield code="r">2025-04-02 13:38:24</subfield>
    <subfield code="t">2</subfield>
    <subfield code="w">2025-04-02</subfield>
    <subfield code="y">BOOK</subfield>
  </datafield>
  <datafield tag="952" ind1=" " ind2=" ">
    <subfield code="0">0</subfield>
    <subfield code="1">0</subfield>
    <subfield code="2">ddc</subfield>
    <subfield code="4">0</subfield>
    <subfield code="7">0</subfield>
    <subfield code="a">SEACOMMC</subfield>
    <subfield code="b">SEACOMMC</subfield>
    <subfield code="d">2010-03-03</subfield>
    <subfield code="l">0</subfield>
    <subfield code="o"> 658.3124  S 774</subfield>
    <subfield code="p">M-2806</subfield>
    <subfield code="r">2025-04-02 13:38:24</subfield>
    <subfield code="t">3</subfield>
    <subfield code="w">2025-04-02</subfield>
    <subfield code="y">BOOK</subfield>
  </datafield>
  <datafield tag="952" ind1=" " ind2=" ">
    <subfield code="0">0</subfield>
    <subfield code="1">0</subfield>
    <subfield code="2">ddc</subfield>
    <subfield code="4">0</subfield>
    <subfield code="7">0</subfield>
    <subfield code="a">SEACOMMC</subfield>
    <subfield code="b">SEACOMMC</subfield>
    <subfield code="d">2010-03-03</subfield>
    <subfield code="l">0</subfield>
    <subfield code="o"> 658.3124  S 774</subfield>
    <subfield code="p">M-2807</subfield>
    <subfield code="r">2025-04-02 13:38:24</subfield>
    <subfield code="t">4</subfield>
    <subfield code="w">2025-04-02</subfield>
    <subfield code="y">BOOK</subfield>
  </datafield>
  <datafield tag="952" ind1=" " ind2=" ">
    <subfield code="0">0</subfield>
    <subfield code="1">0</subfield>
    <subfield code="2">ddc</subfield>
    <subfield code="4">0</subfield>
    <subfield code="7">0</subfield>
    <subfield code="a">SEACOMMC</subfield>
    <subfield code="b">SEACOMMC</subfield>
    <subfield code="d">2010-03-03</subfield>
    <subfield code="l">0</subfield>
    <subfield code="o"> 658.3124  S 774</subfield>
    <subfield code="p">M-2808</subfield>
    <subfield code="r">2025-04-02 13:38:24</subfield>
    <subfield code="t">5</subfield>
    <subfield code="w">2025-04-02</subfield>
    <subfield code="y">BOOK</subfield>
  </datafield>
  <datafield tag="999" ind1=" " ind2=" ">
    <subfield code="c">1169</subfield>
    <subfield code="d">1169</subfield>
  </datafield>
</record>
